000 00240nam a2200097Ia 4500
001 1250544
005 20251031150858.0
008 251031s9999 xx 000 0 und d
245 0 _cDOĞU YÜCEL
_aB-1 HAYALET KİTAP
260 _bCAN YAYINLARI
999 _c1250544
_d1250544